| 000 | 00531cam a22002171 4500 | ||
|---|---|---|---|
| 001 | sa 68014197 | ||
| 003 | DLC | ||
| 005 | 20260227112629.0 | ||
| 008 | 890415s1968 xx 000 0 hino | ||
| 010 | _asa 68014197 | ||
| 035 | _a(OCoLC)23544583 | ||
| 040 |
_aDLC _cMiU _dDLC |
||
| 042 | _apremarc | ||
| 050 | 0 | 0 |
_aHB701 _b.S48 |
| 100 | 1 |
_aSiddiqi, Muhammad Nejatullah, _d1931- |
|
| 245 | 1 | 0 | _aIslām kā nażariyyah-yi milkiyyat. |
| 260 | _c[1968] | ||
| 300 |
_a2 v. _c22 cm. |
||
| 500 | _aRomanized. | ||
| 650 | 0 | _aProperty | |
| 999 |
_c85610 _d85610 |
||